| 000 | 00584nam a22001937a 4500 | ||
|---|---|---|---|
| 003 | PILC | ||
| 005 | 20150528155201.0 | ||
| 008 | 150528b xxu||||| |||| 00| 0 eng d | ||
| 020 | _a9781292039770 | ||
| 050 |
_aT 58.6 _b.K93 2014 |
||
| 100 | _aKroenke, David M. | ||
| 245 |
_aMIS essentials / _cDavid M. Kroenke. |
||
| 250 | _aPearson New International Ed. | ||
| 260 |
_aEngland : _bPearson Education Limited, _c2014. |
||
| 300 |
_ai, 388 pages : _bcolor illustrations ; _c28 cm. |
||
| 500 | _aIncludes index. | ||
| 650 | _aManagement information systems. | ||
| 942 |
_2lcc _cBK _kFOR |
||
| 999 |
_c284496 _d284496 |
||